00545 2200205 4500001002100000005001500021008004100036020002200077035001900099041000700118082001100125090001700136100002000153700002100173245006300194260002800257300002700285500001100312650001600323INLIS00000000000131520241224112328241224||||||||| | ||| |||| || |  a978-602-7825-96-3 0010-1224001315 aid0 a371.36 a371.36 HUS b0 aH. JS. Husdarta0 aYudha M. Saputra00aBelajar dan Pembelajaran: Pendidikan Jasmani dan Kesehatan aBandungbalfabetac2013 aviii, 116 hlm. ; 20 cm aCet. 1 0aIlmu Sosial